000 01178nam a2200361 i 4500
003 EG-GICUC
005 20260325182045.0
008 260325s1976 us oa||fr|||| 001 0 eng d
040 _aEG-GiCUC
_beng
_cEG-GiCUC
_dEG-GiCUC
_erda
041 _aeng
082 0 4 _221
_a343.661
_bEL . C
092 0 4 _221
099 _aLaw1 10 343.661 EL . C 1976
100 1 _aEldefonso , Edward
245 1 0 _aControl, Treatment, and Rehabilitation of Juvenile Offenders /
_cBy Edward Eldefonso amd Walter Hartinger.
264 1 _aLondon :
_bGlencoe Press,
_c1976.
264 1 _acalifornian :
_bBeverly Hills,
_c1976.
300 _a321 pages :
_billustrations,
_c24 cm
336 _2rda content
_atext
337 _2rda media
_aComputer
338 _2rda carrier
_aOnline Resource
490 _aCriminal Justice Series
504 _aIncludes bibliographical references and index.
546 _aText in English
650 1 _aCriminal Law
650 1 _aJuvenile delinquents
650 1 _aRehabilitation
650 1 _aJuvenile justice
700 1 _aHartinger , Walter
856 4 0 _uhttps://fll.law.cu.edu.eg/fulltext/bks/B10-08206.pdf
905 _a43
942 _2ddc
_n0
_cBK
_e21
999 _c66863
_d66863